| 000 | 00510nam a2200181 i 4500 | ||
|---|---|---|---|
| 001 | 133729 | ||
| 003 | ES-MaACL | ||
| 005 | 20250804063424.0 | ||
| 007 | t| | ||
| 008 | 070827s1933 gw ||||1| eng d | ||
| 100 | 1 |
_aWoolf, Virginia, _d1882-1941 _9240179 |
|
| 245 | 1 | 0 |
_aTo the Lighthouse / _cby V. Woolf. |
| 260 |
_aHamburg : _bThe Albatros, _c[1933] ( _eLeipzig : _fOscar Brandsteller) |
||
| 300 |
_a241 p. ; _c18 cm. |
||
| 852 |
_aES-MaACL _jA-2138 |
||
| 942 | _2udc | ||
| 999 |
_c133729 _d133729 |
||